| 000 | 01249cac a2200337 i 4500 | ||
|---|---|---|---|
| 003 | EG-GICUC | ||
| 005 | 20260121101554.0 | ||
| 008 | 050714s2004 enk frb 001 0 eng d | ||
| 020 | _a185941849X | ||
| 040 |
_aDLC _cDLC _dDLC _dEG-GICUC _beng _erda |
||
| 043 | _ae-uk-en | ||
| 082 | 0 | 4 |
_221 _a343.042 |
| 092 | 0 | 4 | _221 |
| 099 | _aLaw 10 2004 | ||
| 100 | 1 | _aHungerford-Welch, Peter. | |
| 245 | 1 | 0 |
_aCriminal litigation and sentencing / _cPeter Hungerford-Welch. |
| 250 | _a6th edition. | ||
| 264 |
_aLondon ; _aPortland, Or. : _bCavendish Pub., _c2004. |
||
| 300 |
_a779 page ; _c24 cm. |
||
| 336 |
_atext _btxt _2rdacontent |
||
| 337 |
_aunmediated _bn _2rdamedia |
||
| 338 |
_avolume _bnc _2rdacarrier |
||
| 650 | 0 |
_aCriminal procedure _zEngland. |
|
| 650 | 0 |
_aSentences (Criminal procedure) _zEngland. |
|
| 856 | 4 | 2 | _uhttps://fll.law.cu.edu.eg/fulltext/bks/ENGB10-00130.pdf |
| 856 | 4 | 2 |
_3Contributor biographical information _uhttp://www.loc.gov/catdir/enhancements/fy0626/2005277966-b.html |
| 856 | 4 | 2 |
_3Publisher description _uhttp://www.loc.gov/catdir/enhancements/fy0626/2005277966-d.html |
| 856 | 4 | 1 |
_3Table of contents only _uhttp://www.loc.gov/catdir/enhancements/fy0626/2005277966-t.html |
| 905 | _a10 | ||
| 942 |
_2ddc _cBK _e21 _n0 |
||
| 999 |
_c53415 _d53415 |
||